El papel de las tecniologías de informaión en la vida cotidiana /
Guardado en:
| Hovedforfatter: | |
|---|---|
| Andre forfattere: | , |
| Format: | Texto |
| Tags: |
Tilføj Tag
Ingen Tags, Vær først til at tagge denne postø!
|
MARC
| LEADER | 00000 a a2200000 04500 | ||
|---|---|---|---|
| 001 | 7760 | ||
| 003 | |||
| 040 | |||
| 100 | |a Arellano Ceballos, Aideé | ||
| 245 | |a El papel de las tecniologías de informaión en la vida cotidiana / |c Aideé Arellano Ceballos ; Vanessa A. Ramírez Vázques ; Ana Isabel Zermeño Flores | ||
| 700 | |a Ramírez Vázques, Vanessa A. | ||
| 700 | |a Zermeño Flores, Ana Isabel | ||
| 773 | |g volumen 13, número 25; pp 151-160 | ||
| 999 | |c 38802 |d 38802 | ||
